[Event "CHARITY TOURNIMENT"]
[Site "SchemingMind.com"]
[Date "2007.01.08"]
[Round "-"]
[White "jtrochez1"]
[Black "andy5698"]
[Result "1/2-1/2"]
[WhiteCountry "HON"]
[BlackCountry "ENG"]
[WhiteElo "1529"]
[WhiteRD "47"]
[BlackElo "1287"]
[BlackRD "71"]
[GameID "85841"]

1. e4 e5 2. Nf3 Nc6 3. Bb5 a6 4. Bxc6 bxc6 5. O-O Nf6 6. d3 d5 7. Bg5 h6 8. Bd2 Bg4 9. Re1 Bc5 10. Be3 dxe4
11. Bxc5 exf3 12. Rxe5+ Be6 13. Qxf3 Qb8 14. Qxc6+ Nd7 15. b3 Qb5 16. Qxa8+=
1/2-1/2

[Event "CHARITY TOURNIMENT"]
[Site "SchemingMind.com"]
[Date "2007.01.10"]
[Round "-"]
[White "andy5698"]
[Black "jtrochez1"]
[Result "1/2-1/2"]
[WhiteCountry "ENG"]
[BlackCountry "HON"]
[WhiteElo "1287"]
[WhiteRD "71"]
[BlackElo "1529"]
[BlackRD "47"]
[GameID "85848"]

1. e4 c5 2. Bc4 d6 3. Nc3 e6 4. Nf3 g6 5. O-O Bg7 6. d4 b6 7. e5 d5 8. Bb5+ Bd7 9. Qd3 Ne7 10. Bg5 O-O
11. Rae1 a6 12. Bxd7 Nxd7 13. Bxe7 Qxe7 14. a4 c4 15. Qe2 f5 16. exf6 Rxf6=
1/2-1/2

[Event "CHARITY TOURNIMENT"]
[Site "SchemingMind.com"]
[Date "2007.01.08"]
[Round "-"]
[White "Majoanis"]
[Black "santiago200"]
[Result "0-1"]
[WhiteCountry "CAN"]
[BlackCountry "BRA"]
[WhiteElo "1724"]
[WhiteRD "97"]
[BlackElo "1578"]
[BlackRD "123"]
[GameID "85987"]

1. Nf3 Nf6 2. d4 e6 3. c4 d5 4. g3 Be7 5. Bg2 O-O 6. O-O dxc4 7. Ne5 c5 8. dxc5 Bxc5 9. Nxc4 Qe7 10. Nc3 Rd8
11. Qc2 Nc6
0-1

[Event "CHARITY TOURNIMENT"]
[Site "SchemingMind.com"]
[Date "2007.01.08"]
[Round "-"]
[White "santiago200"]
[Black "Majoanis"]
[Result "1-0"]
[WhiteCountry "BRA"]
[BlackCountry "CAN"]
[WhiteElo "1578"]
[WhiteRD "123"]
[BlackElo "1724"]
[BlackRD "97"]
[GameID "85993"]

1. d4 e6 2. e4 d5 3. Nc3 Bb4 4. e5 c5 5. a3 Bxc3+ 6. bxc3 Qc7 7. Qg4 f5 8. exf6 Nxf6 9. Qg3 Qxg3 10. hxg3 cxd4
11. cxd4
1-0

[Event "CHARITY TOURNIMENT"]
[Site "SchemingMind.com"]
[Date "2007.01.10"]
[Round "-"]
[White "TONYTODD11"]
[Black "markagodfrey"]
[Result "0-1"]
[WhiteCountry "ENG"]
[BlackCountry "GBR"]
[WhiteElo "1509"]
[WhiteRD "82"]
[BlackElo "2129"]
[BlackRD "72"]
[GameID "86373"]

1. e4 g5 2. f4 gxf4 3. Nf3 Nf6 4. Nc3 d5 5. exd5 Nxd5 6. Nxd5 Qxd5 7. b3 Nc6 8. Bb2 Rg8 9. Bc4 Qe4+ 10. Kf2 Qg6
11. Nh4 Qg5 12. Rg1 Qxh4+ 13. g3 Qxh2+ 14. Rg2 fxg3+ 15. Kf1 Qh1+
0-1

[Event "CHARITY TOURNIMENT"]
[Site "SchemingMind.com"]
[Date "2007.01.10"]
[Round "-"]
[White "markagodfrey"]
[Black "TONYTODD11"]
[Result "1-0"]
[WhiteCountry "GBR"]
[BlackCountry "ENG"]
[WhiteElo "2120"]
[WhiteRD "70"]
[BlackElo "1540"]
[BlackRD "85"]
[GameID "86378"]

1. d4 d5 2. c4 e5 3. dxe5 c6 4. cxd5 cxd5 5. e3 Nc6 6. a3 d4 7. b4 Qd5 8. f4 Nge7 9. b5 Na5 10. exd4 Nc4
11. Nc3 Qe6 12. d5 Qg6 13. Bxc4 Qxg2 14. Qf3 Bh3 15. Be2 Qxf3 16. Bxf3 Bf5 17. d6 Ng6 18. Bxb7 Rd8 19. Be3 f6 20. Bc6+ Bd7
21. Nf3 fxe5 22. fxe5 h5 23. Be4 Nxe5 24. Nxe5 Bxd6 25. Bg6+ Ke7 26. Bg5+
1-0

[Event "CHARITY TOURNIMENT"]
[Site "SchemingMind.com"]
[Date "2007.01.15"]
[Round "-"]
[White "cdevos"]
[Black "eg1950"]
[Result "1-0"]
[WhiteCountry "NED"]
[BlackCountry "ENG"]
[WhiteElo "1600"]
[WhiteRD "78"]
[BlackElo "1585"]
[BlackRD "90"]
[GameID "86899"]

1. d4 Nf6 2. c4 g6 3. Nc3 Bg7 4. e4 d6 5. Be3 O-O 6. Qd2 e5 7. Nf3 exd4 8. Nxd4 Re8 9. f3 Be6 10. h4 Nfd7
11. h5 Nf8 12. g4
1-0

[Event "CHARITY TOURNIMENT"]
[Site "SchemingMind.com"]
[Date "2007.01.15"]
[Round "-"]
[White "eg1950"]
[Black "cdevos"]
[Result "0-1"]
[WhiteCountry "ENG"]
[BlackCountry "NED"]
[WhiteElo "1585"]
[WhiteRD "90"]
[BlackElo "1600"]
[BlackRD "78"]
[GameID "86906"]

1. e4 e5 2. Nf3 c5 3. Bc4 d6 4. Nc3 Nf6 5. h3 Nbd7 6. d3 Nb6 7. Bb5+ Bd7 8. Bxd7+ Qxd7 9. Bg5 Be7 10. O-O d5
11. Bxf6 Bxf6
0-1

[Event "CHARITY TOURNIMENT"]
[Site "SchemingMind.com"]
[Date "2007.01.16"]
[Round "-"]
[White "HURRICANEWARNING"]
[Black "mors ater"]
[Result "0-1"]
[WhiteCountry "USA"]
[BlackCountry "USA"]
[WhiteElo "1181"]
[WhiteRD "69"]
[BlackElo "1402"]
[BlackRD "101"]
[GameID "87242"]

1. d4 Nf6 2. Nf3 e6 3. h3 d5 4. Nc3 Nc6 5. Bg5 Be7 6. Ne5 Qd6 7. Nb5 Qb4+ 8. Nc3 Bc5 9. Nxc6 bxc6 10. dxc5 Qxb2
11. Na4 Qb4+ 12. c3 Qe4 13. e3 Rb8 14. Bxf6 gxf6 15. Qh5 Qxa4 16. Bd3 h6 17. O-O Ba6 18. Bxa6 Qxa6 19. Qg4 Ke7 20. Qg3 Qa5
21. Rfc1 Rb2 22. Qg7 Rd8 23. Qxh6 Rxa2 24. Rab1 Qxc5
0-1

[Event "CHARITY TOURNIMENT"]
[Site "SchemingMind.com"]
[Date "2007.01.16"]
[Round "-"]
[White "mors ater"]
[Black "HURRICANEWARNING"]
[Result "1-0"]
[WhiteCountry "USA"]
[BlackCountry "USA"]
[WhiteElo "1402"]
[WhiteRD "101"]
[BlackElo "1181"]
[BlackRD "69"]
[GameID "87249"]

1. e4 e5 2. Nf3 Nc6 3. Bb5 Na5 4. O-O a6 5. Be2 d6 6. Nc3 h6 7. b3 Nf6 8. Ba3 g5 9. Bb4 b6 10. Bc4 Nxc4
11. bxc4 g4 12. Ne1 c5 13. Ba5 bxa5 14. Rb1 Be6 15. Qe2 h5 16. f3 h4 17. h3 gxh3 18. gxh3 Rg8+ 19. Ng2 Bxh3 20. Rf2 Nh5
21. Nd5 Qg5 22. f4
1-0

[Event "CHARITY TOURNIMENT"]
[Site "SchemingMind.com"]
[Date "2007.01.22"]
[Round "-"]
[White "Austin Lockwood"]
[Black "doodledandy"]
[Result "0-1"]
[WhiteCountry "ENG"]
[BlackCountry "CAN"]
[WhiteElo "1770"]
[WhiteRD "81"]
[BlackElo "2466"]
[BlackRD "83"]
[GameID "87584"]

1. e4 c5 2. Nf3 Nc6 3. Nc3 d6 4. Bc4 e5 5. O-O Be7 6. d3 Nf6 7. Ng5 O-O 8. Be3 Bg4 9. f3 Bd7 10. g4 Nd4
11. Bxd4 cxd4 12. Ne2 b5 13. Bb3 a5 14. a4 bxa4 15. Bxa4 Bxa4 16. Rxa4 Qd7 17. Qa1 h6 18. Nh3 Nxg4 19. fxg4 Qxg4+ 20. Ng3 Qxh3
21. Rxa5 Rxa5
0-1

[Event "CHARITY TOURNIMENT"]
[Site "SchemingMind.com"]
[Date "2007.01.19"]
[Round "-"]
[White "Madocillo"]
[Black "Rotceh"]
[Result "1-0"]
[WhiteCountry "GER"]
[BlackCountry "MEX"]
[WhiteElo "2086"]
[WhiteRD "156"]
[BlackElo "1540"]
[BlackRD "61"]
[GameID "87585"]

1. d4 d5 2. c4 e6 3. Nc3 Nf6 4. Bg5 Be7 5. e3 O-O 6. Rc1 c5 7. dxc5 Bxc5 8. cxd5 Be7 9. dxe6 Bxe6 10. Bd3 Nc6
11. Nf3 Qa5 12. O-O Rad8 13. Qe2 Nd5 14. Bxe7 Ncxe7 15. Bb1 Nxc3 16. Rxc3 Bxa2 17. Ra3
1-0

[Event "CHARITY TOURNIMENT"]
[Site "SchemingMind.com"]
[Date "2007.01.19"]
[Round "-"]
[White "mart_r3000"]
[Black "dvaldez"]
[Result "0-1"]
[WhiteCountry "ENG"]
[BlackCountry "CAN"]
[WhiteElo "1354"]
[WhiteRD "54"]
[BlackElo "1916"]
[BlackRD "82"]
[GameID "87586"]

1. e4 c5 2. Nf3 Nc6 3. Bb5 e6 4. O-O Nge7 5. Re1 a6 6. Bxc6 Nxc6 7. e5 d5 8. d3 Be7 9. g3 Qc7 10. h4 Bd7
11. c4 dxc4 12. dxc4 O-O-O 13. Nc3 Kb8 14. a3 f6 15. b4 cxb4 16. Ne4 Nxe5 17. Qb3 Nxf3+ 18. Qxf3 Bc6 19. Bf4 e5 20. Be3 bxa3
21. Qg4 h5 22. Qf5 Bd7 23. Qf3 Bg4 24. Qg2 Rd3 25. Qf1 Rhd8 26. f3 Bf5 27. Red1 Bxe4 28. fxe4 Rxe3 29. Rac1 Rxg3+ 30. Kh2 Rg4
31. Kh3 Rxe4 32. Rc2 Qc8+ 33. Kh2 Rxh4+ 34. Kg1 Bc5+ 35. Rf2 Qg4+
0-1

[Event "CHARITY TOURNIMENT"]
[Site "SchemingMind.com"]
[Date "2007.01.18"]
[Round "-"]
[White "Mariazb"]
[Black "cinnamon"]
[Result "1-0"]
[WhiteCountry "ARG"]
[BlackCountry "USA"]
[WhiteElo "2198"]
[WhiteRD "71"]
[BlackElo "948"]
[BlackRD "63"]
[GameID "87587"]

1. e4 e5 2. Nf3 Bd6 3. d4 Nf6 4. dxe5 Nxe4 5. exd6 O-O 6. Bd3 Nf6 7. O-O Nc6 8. Bf4 b6 9. dxc7 Qxc7 10. Bxc7 d6
11. Bxd6 Rd8 12. Bc7 Rd7 13. Be5 Bb7 14. Bxf6
1-0

[Event "CHARITY TOURNIMENT"]
[Site "SchemingMind.com"]
[Date "2007.01.20"]
[Round "-"]
[White "doodledandy"]
[Black "Austin Lockwood"]
[Result "1-0"]
[WhiteCountry "CAN"]
[BlackCountry "ENG"]
[WhiteElo "2466"]
[WhiteRD "83"]
[BlackElo "1770"]
[BlackRD "81"]
[GameID "87589"]

1. e4 e5 2. Nf3 d5 3. exd5 Qxd5 4. Nc3 Qe6 5. Bb5+ c6 6. Ba4 Qg6 7. d3 Qxg2 8. Rg1 Qh3 9. Qe2 Nf6 10. Bb3 h6
11. Qxe5+ Be6 12. Rg3 Qf5 13. Qc7 Nbd7 14. Qxb7 Rd8 15. Qxc6 Qc5 16. Qa4 Bxb3 17. axb3 Nd5 18. Qe4+ Ne7 19. Qe2 Nf6 20. d4 Qb6
21. Ne5 Rxd4 22. Be3
1-0

[Event "CHARITY TOURNIMENT"]
[Site "SchemingMind.com"]
[Date "2007.01.18"]
[Round "-"]
[White "Rotceh"]
[Black "Madocillo"]
[Result "0-1"]
[WhiteCountry "MEX"]
[BlackCountry "GER"]
[WhiteElo "1563"]
[WhiteRD "64"]
[BlackElo "2092"]
[BlackRD "157"]
[GameID "87590"]

1. Nc3 f5 2. e4 fxe4 3. d3 Nc6 4. Bg5 d5 5. dxe4 d4 6. Nd5 Nf6 7. Bxf6 exf6 8. a3 Ne5 9. Be2 Be6 10. Nf4 Bf7
11. Nf3 Nxf3+ 12. Bxf3 Bd6 13. Ne2 c5 14. O-O O-O 15. b3 Qc7 16. g3 Rfe8 17. c3 Rad8 18. cxd4 cxd4 19. b4 d3 20. Nf4 Bxf4
21. gxf4 Qxf4 22. Rc1 Re5 23. Bg2 d2 24. Rc3 f5 25. exf5 Bc4 26. Rxc4 Qxc4 27. Bh3 Qe2
0-1

[Event "CHARITY TOURNIMENT"]
[Site "SchemingMind.com"]
[Date "2007.01.18"]
[Round "-"]
[White "dvaldez"]
[Black "mart_r3000"]
[Result "1-0"]
[WhiteCountry "CAN"]
[BlackCountry "ENG"]
[WhiteElo "1906"]
[WhiteRD "79"]
[BlackElo "1361"]
[BlackRD "56"]
[GameID "87591"]

1. e4 e5 2. Nf3 Nc6 3. Bb5 Nf6 4. O-O d5 5. exd5 Qxd5 6. Bxc6+ bxc6 7. Nxe5 Bd6 8. d4 O-O 9. c4 Qe6 10. Re1 Qxc4
11. Nxc4 Bg4 12. f3 Bh5 13. Nxd6 cxd6 14. Bg5 Nd5 15. Nc3 Nb4 16. a3 Na6 17. Be7 Rfe8 18. Bxd6 Red8 19. Be5 Rac8 20. Qa4 Nb8
21. Qxa7 Nd7 22. d5 Re8 23. Qxd7 h6 24. dxc6 f6 25. Bxf6 gxf6 26. Rxe8+ Rxe8 27. c7 Bf7 28. Qxe8+ Bxe8 29. c8=Q Kf8 30. Re1
1-0

[Event "CHARITY TOURNIMENT"]
[Site "SchemingMind.com"]
[Date "2007.01.18"]
[Round "-"]
[White "cinnamon"]
[Black "Mariazb"]
[Result "0-1"]
[WhiteCountry "USA"]
[BlackCountry "ARG"]
[WhiteElo "948"]
[WhiteRD "63"]
[BlackElo "2198"]
[BlackRD "71"]
[GameID "87592"]

1. e4 e5 2. Nf3 Nc6 3. Bd3 Nf6 4. O-O Bc5 5. Nc3 O-O 6. a3 d6 7. Bb5 Nd4 8. d3 c6 9. Bc4 b5 10. Bb3 Bg4
11. h3 Nxf3+ 12. gxf3 Bxh3 13. Re1 Nh5 14. f4 Bxf2+ 15. Kxf2 Qh4+ 16. Ke3 Qxf4+ 17. Ke2 Ng3#
0-1

[Event "CHARITY TOURNIMENT"]
[Site "SchemingMind.com"]
[Date "2007.01.21"]
[Round "-"]
[White "Alejandro Ramirez"]
[Black "agulla"]
[Result "1/2-1/2"]
[WhiteCountry "CRC"]
[BlackCountry "ESP"]
[WhiteElo "1543"]
[WhiteRD "107"]
[BlackElo "1670"]
[BlackRD "101"]
[GameID "87918"]

1. e4 c5 2. Nf3 d6 3. d4 cxd4 4. Nxd4 Nf6 5. Nc3 a6 6. Be3 b5 7. a4 b4 8. Nd5 Nxd5 9. exd5 Bb7 10. a5 Qc7
11. Qd3 g6 12. Qb3 Bg7 13. Bc4 Nd7 14. Qxb4 O-O 15. O-O Rab8 16. Qa4 Rfc8 17. b3 Nc5 18. Qa3 Ne4 19. c3 Nf6 20. Nc6=
1/2-1/2

[Event "CHARITY TOURNIMENT"]
[Site "SchemingMind.com"]
[Date "2007.01.21"]
[Round "-"]
[White "agulla"]
[Black "Alejandro Ramirez"]
[Result "1-0"]
[WhiteCountry "ESP"]
[BlackCountry "CRC"]
[WhiteElo "1687"]
[WhiteRD "103"]
[BlackElo "1511"]
[BlackRD "105"]
[GameID "87926"]

1. e4 e5 2. Nf3 Nc6 3. Bb5 a6 4. Ba4 Nf6 5. O-O b5 6. Bb3 Be7 7. Re1 d6 8. h3 Na5 9. c3 Nxb3= 10. axb3 c5
11. d3 O-O 12. Nbd2 Qc7 13. Nf1 Ne8 14. Ne3 Be6 15. c4 Nf6 16. Nf1 Rfb8 17. N3h2 a5 18. f4 exf4 19. Bxf4 Nd7 20. Ne3 Bf6
21. Nhg4 Bxb2 22. Ra2 Bd4 23. Kh1 Ne5 24. Nd5 Qb7 25. Nxe5 dxe5 26. Be3 bxc4 27. bxc4 Bxd5 28. exd5 Bxe3 29. Rxe3 Qb1 30. Qxb1 Rxb1+
31. Kh2 f6 32. Ra3
1-0

[Event "CHARITY TOURNIMENT"]
[Site "SchemingMind.com"]
[Date "2007.01.21"]
[Round "-"]
[White "Katarrov"]
[Black "welsh-rarebit"]
[Result "1-0"]
[WhiteCountry "ESP"]
[BlackCountry "WLS"]
[WhiteElo "2217"]
[WhiteRD "100"]
[BlackElo "1479"]
[BlackRD "94"]
[GameID "88026"]

1. e4 e5 2. Nf3 Nf6 3. Nxe5 Qe7 4. Nf3 Nxe4 5. Be2 d5 6. O-O Bg4 7. Nc3 Bxf3 8. Bxf3 Nxc3 9. dxc3 Qd6 10. Re1+ Be7
11. Qxd5 Qxd5 12. Bxd5 c6 13. Bb3 Na6 14. Bg5 f6 15. Bf4 Rd8 16. Re3 g5 17. Rae1 Rd7 18. Be6 Rd8 19. Bc4 Rd7 20. Bd6 Rxd6
21. Rxe7+ Kd8 22. Rxb7 Rd7 23. Rxd7+ Kxd7 24. Bxa6 Kc7 25. Re7+ Kb6 26. Bd3 c5 27. Re6+ Kc7 28. Rxf6 Rd8 29. Rf7+ Kb8 30. Rxh7 c4
31. Bxc4 Rd1+ 32. Bf1 Rd2 33. Rh5 Rxc2 34. Rxg5 Rxb2 35. Rb5+ Rxb5 36. Bxb5 a5 37. h4 Kb7 38. h5
1-0

[Event "CHARITY TOURNIMENT"]
[Site "SchemingMind.com"]
[Date "2007.01.22"]
[Round "-"]
[White "welsh-rarebit"]
[Black "Katarrov"]
[Result "0-1"]
[WhiteCountry "WLS"]
[BlackCountry "ESP"]
[WhiteElo "1483"]
[WhiteRD "87"]
[BlackElo "2208"]
[BlackRD "96"]
[GameID "88029"]

1. e4 e5 2. Nf3 Nc6 3. d4 exd4 4. Nxd4 Bc5 5. Nxc6 Qf6 6. f3 dxc6 7. h4 Qe5 8. Qe2 Nf6 9. Nd2 Qg3+ 10. Kd1 O-O
11. Nb3 Ng4 12. Rh3 Nf2+ 13. Kd2 Rd8+ 14. Kc3 Qe5+ 15. Kc4 b5#
0-1

[Event "CHARITY TOURNIMENT"]
[Site "SchemingMind.com"]
[Date "2007.01.22"]
[Round "-"]
[White "aston294"]
[Black "Miquel_Anguís"]
[Result "0-1"]
[WhiteCountry "ENG"]
[BlackCountry "ESP"]
[WhiteElo "941"]
[WhiteRD "64"]
[BlackElo "1479"]
[BlackRD "117"]
[GameID "88142"]

1. e4 d5 2. exd5 Qxd5 3. Nc3 Qa5 4. Nf3 Nf6 5. d4 Ne4 6. Bd3 Nxc3 7. bxc3 Qxc3+ 8. Nd2 Qxa1 9. Bb5+ Bd7 10. Nb3 Qxa2
11. Nc5 Bxb5 12. d5 e6 13. Nxb7 exd5 14. Qe2+ Bxe2 15. Kxe2 Qa6+ 16. Ke3 Qxb7 17. Rd1 Qb1
0-1

[Event "CHARITY TOURNIMENT"]
[Site "SchemingMind.com"]
[Date "2007.01.23"]
[Round "-"]
[White "Miquel_Anguís"]
[Black "aston294"]
[Result "1-0"]
[WhiteCountry "ESP"]
[BlackCountry "ENG"]
[WhiteElo "1479"]
[WhiteRD "117"]
[BlackElo "941"]
[BlackRD "64"]
[GameID "88147"]

1. b4 e5 2. Bb2 Nc6 3. b5 Nd4 4. e3 Nf5 5. Bxe5 f6 6. Bb2 a6 7. bxa6 bxa6 8. Nc3 Bb4 9. Bc4 Nd6 10. Bd5 Ne7
11. Bxa8 Nb5 12. Nxb5 c6 13. a3 cxb5 14. axb4 Nd5 15. Bxd5 d6 16. Qh5+ g6 17. Qf3 f5 18. Bxh8 Kd7 19. Bb7 Qxh8 20. Qc6+ Ke6
21. Bxc8+ Ke5 22. Qc3+ Kd5 23. Qxh8
1-0

[Event "CHARITY TOURNIMENT"]
[Site "SchemingMind.com"]
[Date "2007.01.23"]
[Round "-"]
[White "Gary"]
[Black "tacticrules"]
[Result "0-1"]
[WhiteCountry "ENG"]
[BlackCountry "GER"]
[WhiteElo "1583"]
[WhiteRD "78"]
[BlackElo "1577"]
[BlackRD "50"]
[GameID "88304"]

1. e4 c5 2. Nf3 g6 3. Bc4 Bg7 4. O-O Nc6 5. Nc3 d6 6. d3 Nf6 7. Be3 O-O 8. Qd2 a6 9. a4 Ng4 10. Bf4 Bd7
11. h3 Nf6 12. Bh6 Qc8 13. Rfe1 Nd4 14. Nxd4 cxd4 15. Ne2 b5 16. axb5 axb5 17. Bb3 Rxa1 18. Rxa1 Qb7 19. Nxd4 Re8 20. Bxg7 Kxg7
21. f4 e6
0-1

[Event "CHARITY TOURNIMENT"]
[Site "SchemingMind.com"]
[Date "2007.01.25"]
[Round "-"]
[White "ekulrac"]
[Black "am4chess"]
[Result "0-1"]
[WhiteCountry "SCO"]
[BlackCountry "PHI"]
[WhiteElo "1711"]
[WhiteRD "50"]
[BlackElo "1580"]
[BlackRD "85"]
[GameID "88305"]

1. e4 c5 2. Nf3 d6 3. d4 cxd4 4. Nxd4 e5 5. Nb3 Nf6 6. Nc3 a6 7. Be2 Be7 8. O-O Nc6 9. Be3 O-O 10. f3 b5
11. Kh1 Be6 12. Qd2 d5 13. exd5 Nxd5 14. Nxd5 Qxd5 15. Qxd5 Bxd5 16. Nc5 Rfd8 17. a3 Nd4 18. Bxd4 exd4 19. Bd3 Bxc5
0-1

[Event "CHARITY TOURNIMENT"]
[Site "SchemingMind.com"]
[Date "2007.01.23"]
[Round "-"]
[White "tacticrules"]
[Black "Gary"]
[Result "1-0"]
[WhiteCountry "GER"]
[BlackCountry "ENG"]
[WhiteElo "1577"]
[WhiteRD "50"]
[BlackElo "1583"]
[BlackRD "78"]
[GameID "88311"]

1. e4 c5 2. Nc3 g6 3. g3 Bg7 4. Bg2 Nc6 5. Nf3 d6 6. O-O Nf6 7. d3 O-O 8. Be3 a6 9. a4 Qc7 10. h3 e6
11. Qd2 Rd8 12. Bg5 Bd7 13. Rfe1 Rab8 14. Rad1 b5 15. axb5 axb5 16. Bxf6 Bxf6 17. d4 Nxd4 18. Nxd4 Bxd4 19. Ne2 Bc6 20. c3 Bg7
21. b3 Qb7 22. Nf4 Ra8 23. Ra1 Rxa1 24. Rxa1 Bxe4 25. Bxe4 Qxe4 26. Re1 Qc6 27. c4 b4 28. Qe3= d5 29. cxd5 exd5 30. Rd1 Bh6
31. Qd3 Bxf4 32. gxf4 f5 33. Re1 Kf7 34. Re5 Rd6 35. Qe2 Re6 36. Rxe6 Qxe6 37. Qb5
1-0

[Event "CHARITY TOURNIMENT"]
[Site "SchemingMind.com"]
[Date "2007.01.25"]
[Round "-"]
[White "am4chess"]
[Black "ekulrac"]
[Result "0-1"]
[WhiteCountry "PHI"]
[BlackCountry "SCO"]
[WhiteElo "1556"]
[WhiteRD "87"]
[BlackElo "1710"]
[BlackRD "52"]
[GameID "88312"]

1. e4 Nc6 2. d4 e5 3. d5 Nce7 4. Nf3 Ng6 5. Be2 Nf6 6. Bd3 d6 7. h3 Be7 8. b3 O-O 9. Bb2 Nf4 10. g4 Ng2+
11. Kf1 Nf4 12. Nc3 c6 13. Ne2 Nxd3 14. Qxd3 cxd5 15. Ng3 dxe4 16. Nxe4 Nxe4 17. Qxe4 d5 18. Qe3 e4 19. g5 f5 20. Qc3 Rf7
21. Ne5 Bf8 22. Nxf7 Kxf7 23. h4 f4 24. Rd1 Be6 25. Qe5 Qd6 26. Qd4 Qc5 27. Qxc5 Bxc5 28. a3 Rd8 29. b4 Bb6 30. h5 h6
31. gxh6 gxh6
0-1

[Event "CHARITY TOURNIMENT"]
[Site "SchemingMind.com"]
[Date "2007.03.06"]
[Round "-"]
[White "Mariazb"]
[Black "markagodfrey"]
[Result "1-0"]
[WhiteCountry "ARG"]
[BlackCountry "GBR"]
[WhiteElo "2327"]
[WhiteRD "69"]
[BlackElo "2016"]
[BlackRD "73"]
[GameID "95226"]

1. d4 Nf6 2. c4 g6 3. Nc3 d5 4. cxd5 Nxd5 5. e4 Nxc3 6. bxc3 Bg7 7. Nf3 c5 8. Rb1 O-O 9. Be3 cxd4 10. cxd4 Qa5+
11. Qd2 Nc6 12. Bd3 e6 13. Qxa5 Nxa5 14. O-O
1-0

[Event "CHARITY TOURNIMENT"]
[Site "SchemingMind.com"]
[Date "2007.03.06"]
[Round "-"]
[White "markagodfrey"]
[Black "Mariazb"]
[Result "0-1"]
[WhiteCountry "GBR"]
[BlackCountry "ARG"]
[WhiteElo "2016"]
[WhiteRD "73"]
[BlackElo "2327"]
[BlackRD "69"]
[GameID "95235"]

1. d4 Nf6 2. c4 g6 3. Nc3 Bg7 4. e4 d6 5. Nf3 O-O 6. Be2 e5 7. O-O Nc6 8. d5 Ne7 9. b4 Nh5 10. Re1 f5
11. Ng5 Nf6 12. Bf3 c6 13. Be3 cxd5
0-1

[Event "CHARITY TOURNIMENT"]
[Site "SchemingMind.com"]
[Date "2007.03.09"]
[Round "-"]
[White "mors ater"]
[Black "Miquel_Anguís"]
[Result "0-1"]
[WhiteCountry "USA"]
[BlackCountry "ESP"]
[WhiteElo "1368"]
[WhiteRD "95"]
[BlackElo "1532"]
[BlackRD "121"]
[GameID "95497"]

1. e4 d5 2. exd5 Qxd5 3. Nc3 Qa5 4. d4 Nf6 5. Qf3 c6 6. a3 Bg4 7. Qg3 Bf5 8. Bf4 Ne4 9. Qe3 Nxc3 10. bxc3 Bxc2
11. Qg3 Nd7 12. Bd3 Qxc3+ 13. Ke2 Bxd3+ 14. Qxd3 Qxa1 15. Qd1 Qxa3 16. Bc1 Qd6 17. Nf3 c5 18. d5 Nf6 19. g3 Qxd5 20. Qxd5 Nxd5
21. Rd1 Nc3+ 22. Kd2 Nxd1 23. Kxd1 e6 24. h4 h6 25. h5 Be7 26. g4 Rd8+ 27. Bd2 O-O 28. Ne5 Bg5 29. Ke2 Rxd2+ 30. Kf3 b5
31. Kg3 a5 32. f4 Bf6 33. Nf3 Rd3 34. f5 e5
0-1

[Event "CHARITY TOURNIMENT"]
[Site "SchemingMind.com"]
[Date "2007.03.10"]
[Round "-"]
[White "Miquel_Anguís"]
[Black "mors ater"]
[Result "1-0"]
[WhiteCountry "ESP"]
[BlackCountry "USA"]
[WhiteElo "1507"]
[WhiteRD "123"]
[BlackElo "1383"]
[BlackRD "92"]
[GameID "95506"]

1. b4 Nf6 2. Bb2 e6 3. b5 b6 4. e3 a6 5. a4 c6 6. Be2 Bb7 7. Nf3 Ne4 8. O-O Bd6 9. Bxg7 Rg8 10. Bb2 cxb5
11. axb5 axb5 12. Bxb5 Ba6 13. Bxa6 Rxa6 14. Rxa6 Nxa6 15. d4 Nb4 16. c3 Nd5 17. Qb3 f5 18. c4 Nb4 19. Ba3 h5 20. Bxb4 Bxh2+
21. Kxh2 Ng5 22. Nbd2 Nxf3+ 23. Nxf3 d6 24. Qa4+ Kf8 25. Qc6 h4 26. Bxd6+ Kf7 27. Ne5+ Kg7 28. Qc7+ Kh6 29. Nf7+
1-0

[Event "CHARITY TOURNIMENT"]
[Site "SchemingMind.com"]
[Date "2007.04.03"]
[Round "-"]
[White "cnbcad"]
[Black "ekulrac"]
[Result "1-0"]
[WhiteCountry "USA"]
[BlackCountry "SCO"]
[WhiteElo "1565"]
[WhiteRD "51"]
[BlackElo "1557"]
[BlackRD "59"]
[GameID "99592"]

1. e4 Nc6 2. d4 e5 3. d5 Nce7 4. c4 Ng6 5. Nf3 Bb4+ 6. Bd2 Bxd2+ 7. Nbxd2 d6 8. Qa4+ Bd7 9. Qb4 b6 10. Bd3 a5
11. Qc3 Nf4 12. O-O Nf6 13. g3 Nxd3 14. Qxd3 O-O 15. a3 a4 16. b4 axb3 17. Nxb3 Ra4 18. Nbd2 Qa8 19. Kg2
1-0

[Event "CHARITY TOURNIMENT"]
[Site "SchemingMind.com"]
[Date "2007.04.05"]
[Round "-"]
[White "ekulrac"]
[Black "cnbcad"]
[Result "0-1"]
[WhiteCountry "SCO"]
[BlackCountry "USA"]
[WhiteElo "1557"]
[WhiteRD "59"]
[BlackElo "1565"]
[BlackRD "51"]
[GameID "99597"]

1. e4 e5 2. Nf3 Nc6 3. Bb5 d6 4. d4 Bd7 5. dxe5 Nxe5 6. Bxd7+ Qxd7 7. Nxe5 dxe5 8. Qxd7+ Kxd7 9. O-O Rd8 10. Nc3 Kc8
11. Be3 b6 12. a3 Nf6 13. f3 h5 14. h4 Nd7 15. b4 Be7 16. g3 g5 17. hxg5 h4 18. g4 Rdg8
0-1

[Event "CHARITY TOURNIMENT"]
[Site "SchemingMind.com"]
[Date "2007.04.23"]
[Round "-"]
[White "Katarrov"]
[Black "tacticrules"]
[Result "1-0"]
[WhiteCountry "ESP"]
[BlackCountry "GER"]
[WhiteElo "2175"]
[WhiteRD "92"]
[BlackElo "1685"]
[BlackRD "51"]
[GameID "102040"]

1. e4 e6 2. d4 d5 3. e5 c5 4. c3 Nc6 5. Nf3 Qb6 6. a3 Nh6 7. b4 cxd4 8. cxd4 Nf5 9. Bb2 Bd7 10. g4 Nfe7
11. Nc3 Rc8 12. Na4 Qc7 13. Rc1 a6 14. Bd3 Qd8 15. Nc5 Qb6 16. Ng5 Ng6 17. Nxd7 Kxd7 18. Nxf7 Rg8 19. f4 Nxf4 20. Bxh7 Ng2+
21. Kf2
1-0

[Event "CHARITY TOURNIMENT"]
[Site "SchemingMind.com"]
[Date "2007.04.23"]
[Round "-"]
[White "tacticrules"]
[Black "Katarrov"]
[Result "0-1"]
[WhiteCountry "GER"]
[BlackCountry "ESP"]
[WhiteElo "1685"]
[WhiteRD "51"]
[BlackElo "2175"]
[BlackRD "92"]
[GameID "102047"]

1. Nf3 d5 2. d4 Nf6 3. c4 e6 4. g3 c6 5. Bg2 Be7 6. O-O O-O 7. Qc2 Nbd7 8. Bf4 Nh5 9. Bc1 f5 10. cxd5 exd5
11. Nc3 Ndf6 12. Rd1 Bd6 13. Bg5 h6 14. Bxf6 Nxf6 15. Rac1 f4 16. Ne5 fxg3 17. hxg3 Ng4 18. Nxg4 Bxg4 19. Qg6 Bf5 20. Qh5 Qd7
21. e4 Bg4
0-1

[Event "CHARITY TOURNIMENT"]
[Site "SchemingMind.com"]
[Date "2007.05.12"]
[Round "-"]
[White "Lee Shuck"]
[Black "Mariazb"]
[Result "0-1"]
[WhiteCountry "ENG"]
[BlackCountry "ARG"]
[WhiteElo "1447"]
[WhiteRD "67"]
[BlackElo "2311"]
[BlackRD "71"]
[GameID "104050"]

1. e4 d6 2. d4 Nf6 3. Nc3 g6 4. Nf3 Bg7 5. Be2 O-O 6. O-O Bg4 7. Be3 Nc6 8. d5 Bxf3 9. Bxf3 Ne5 10. Qd4 Nxf3+
11. gxf3 Qd7 12. e5 dxe5 13. Qxe5 Nh5 14. Qe4 Bxc3 15. bxc3 Nf6 16. Qc4 Qxd5 17. Qxc7 Qxf3 18. Qxe7 Rae8 19. Qd6 Re4 20. Qg3 Rg4
21. Bc5 Ne4 22. Bxf8 Nxg3 23. fxg3 Qe3+ 24. Rf2 Kxf8 25. Kf1 Qxc3 26. Rd1 Ra4 27. Rd3 Qc5 28. c3 Qb5 29. Rd2 Rxa2 30. c4 Qxc4
31. Rxa2 Qxa2 32. Ke1 Qxh2 33. Kd1 a5
0-1